rdr2 gang members quiz - Statistics

General Stats
  • This quiz has been taken 200 times
  • The average score is 19 of 23
Answer Stats
Picture Answer % Correct
dutch
98%
hosea
96%
john
95%
jack
94%
bill
92%
charles
91%
micah
91%
arthur
90%
lenny
90%
uncle
89%
sean
88%
abigail
85%
javier
84%
tilly
84%
pearson
83%
molly
82%
sadie
81%
strauss
78%
Mary beth
69%
susan
61%
swanson
60%
josiah
52%
Karen
31%
No matching quizzes found
Score Distribution
Percent of People with Each Score
Percentile by Number Answered
Your Score History
You have not taken this quiz